| 000 | 00532cam a22001938a 4500 | ||
|---|---|---|---|
| 020 | _a007283093X | ||
| 040 | _cDLC | ||
| 082 | 0 | 0 | _a515 HIL 2000 A109 Or. |
| 100 | 1 | _aSmith, Robert T. | |
| 245 | 1 | 0 | _aCalculus / |
| 250 | _a2nd ed. update. | ||
| 260 |
_aDubuque, Iowa : _bMcGraw-Hill, _c2002. |
||
| 300 | _ap. cm. | ||
| 650 | 0 | _aCalculus. | |
| 700 | 1 | _aMinton, Roland B., | |
| 856 | 4 | 1 | _uhttp://www.loc.gov/catdir/toc/mh031/2002069581.html |
| 856 | 4 | 2 | _uhttp://www.loc.gov/catdir/description/mh031/2002069581.html |
| 942 | _cEK | ||
| 999 |
_c16641 _d16641 |
||